书目信息 |
| 题名: |
品物记
|
|
| 作者: | 邸永君 著 | |
| 分册: | ||
| 出版信息: | 中华书局 2008.10 |
|
| 页数: | 222页 | |
| 开本: | 20cm | |
| 丛书名: | ||
| 单 册: | ||
| 中图分类: | G12 | |
| 科图分类: | ||
| 主题词: | 文化事业--中国 | |
| 电子资源: | ||
| ISBN: | 978-7-101-06330-1 | |
| 000 | 00585nam0 2200229 45 | |
| 001 | 0940721766 | |
| 005 | 20091017112012.60 | |
| 010 | @a978-7-101-06330-1@dCNY29.00 | |
| 100 | @a20090515d2008 ekmy0 y0120 ea | |
| 102 | @aCN@b130000 | |
| 102 | @aCN@b110000 | |
| 105 | @ay z 000yy | |
| 200 | 1 | @a品物记@f邸永君著@Fdi yong jun zhu |
| 210 | @c中华书局@d2008.10 | |
| 210 | @a北京@c中华书局 | |
| 215 | @a222页@d20cm | |
| 606 | 0 | @a文化事业@x中国 |
| 690 | @aG12@v4 | |
| 701 | 0 | @a邸永君@Adi yong jun@4著 |
| 801 | 0 | @aCN@c20091017 |
| 905 | @a10447@dG12@eQ7404 | |
| 906 | @d29@n3@r1 | |
| 品物记/邸永君著.-中华书局,2008.10.-北京:中华书局 |
| 222页;20cm |
| ISBN 978-7-101-06330-1:CNY29.00 |
| ● |
| 相关链接 |
|
|
|
正题名:品物记
索取号:G12/Q7404
 
预约/预借
| 序号 | 登录号 | 条形码 | 馆藏地/架位号 | 状态 | 备注 |
| 1 | 655116 | 206551168 | 社科库409/409社科库 56排1列5层/ [索取号:G12/Q7404] | 在馆 | |
| 2 | 655117 | 206551177 | 社科库409/409社科库 56排1列5层/ [索取号:G12/Q7404] | 在馆 | |
| 3 | 655118 | 206551186 | 社科二线422/409社科库 56排1列5层/ [索取号:G12/Q7404] | 在馆 |